| 000 | 00597cab a2200181 4500 | ||
|---|---|---|---|
| 001 | L130165 | ||
| 008 | 050629n2005 000 0 eng u | ||
| 035 | _a(Sirsi) u130165 | ||
| 041 | _aeng | ||
| 100 | _aMann, Will | ||
| 245 | _aNew work winners | ||
| 260 | _c2005 | ||
| 490 |
_aContract Journal _v429(6530) 22 June 2005, 24-25(1) |
||
| 520 | _a"Contract Journal's" monthly league table of new work winners. Includes charts giving breakdown of work by sector and total orders for the past 12 months. | ||
| 590 | _aIKA040705 | ||
| 690 | _aBUILT ENVIRONMENT-CONSTRUCTION MARKET | ||
| 942 | _n0 | ||
| 999 |
_c75478 _d75478 |
||